LEADER 01272nam0 22002771i 450 001 UON00291763 005 20231205103924.671 010 $a07-228-0003-7 100 $a20070403d1975 |0itac50 ba 101 $aeng 102 $aGB 105 $a|||| 1|||| 200 1 $aByzantine and post-byzantine monuments at Aghia in Thessaly, Greece: the art and architecture of the monastery of Saint Panteleimon$fby John Koumoulides , Christopher Walter 210 $aLondon$cZeno Booksellers & Publishrs$d1975 215 $a77 p.$cill.$d24 cm 620 $aGB$dLondon$3UONL003044 686 $aVOC XI$cVICINO ORIENTE CLASSICO - ARCHITETTURA ED URBANISTICA$2A 700 1$aKOUMOULIDES$bJohn T. A.$3UONV167995$0157686 701 1$aWALTER$bChristopher$3UONV167996$0161907 712 $aZeno$3UONV273111$4650 801 $aIT$bSOL$c20240220$gRICA 899 $aSIBA - SISTEMA BIBLIOTECARIO DI ATENEO$2UONSI 912 $aUON00291763 950 $aSIBA - SISTEMA BIBLIOTECARIO DI ATENEO$dSI VOC XI 013 $eSI SA 6518 7 013 996 $aByzantine and post-byzantine monuments at Aghia in Thessaly, Greece: the art and architecture of the monastery of Saint Panteleimon$91251669 997 $aUNIOR LEADER 01786oam 2200517zu 450 001 9910872469903321 005 20241212215322.0 035 $a(CKB)1000000000022467 035 $a(SSID)ssj0000396700 035 $a(PQKBManifestationID)12144233 035 $a(PQKBTitleCode)TC0000396700 035 $a(PQKBWorkID)10335801 035 $a(PQKB)10855141 035 $a(EXLCZ)991000000000022467 100 $a20160829d2004 uy 101 0 $aeng 181 $ctxt 182 $cc 183 $acr 200 10$a2004 IEEE/PES Transmission & Distribution Conference & Exposition : Latin America : São Paulo, Brazil, 8-11 November, 2004 210 31$a[Place of publication not identified]$cIEEE$d2004 300 $aBibliographic Level Mode of Issuance: Monograph 311 08$a9780780387751 311 08$a0780387759 606 $aElectric power transmission$vCongresses 606 $aElectric power distribution$vCongresses 606 $aElectric power systems$vCongresses 606 $aElectric cables$vCongresses 606 $aElectrical Engineering$2HILCC 606 $aElectrical & Computer Engineering$2HILCC 606 $aEngineering & Applied Sciences$2HILCC 615 0$aElectric power transmission 615 0$aElectric power distribution 615 0$aElectric power systems 615 0$aElectric cables 615 7$aElectrical Engineering 615 7$aElectrical & Computer Engineering 615 7$aEngineering & Applied Sciences 676 $a621.319 712 02$aInstitute of Electrical and Electronics Engineers 712 12$aIEEE/PES Transmission and Distribution Conference and Exposition: Latin America 801 0$bPQKB 906 $aPROCEEDING 912 $a9910872469903321 996 $a2004 IEEE$92243003 997 $aUNINA